<The> changing international order and Northeast Asia in the 21st century.
Náčrt nového ekonomického a politického usporiadania vo svete 21. storočia. Medzinárodné ekonomické usporiadanie v období po rozpade centrálne plánovaných ekonomík. Úloha Kórejského polostrova a Severovýchodnej Ázie v novom ekonomickom usporiadaní sveta. Ekonomické aspekty a perspektívy zjednotenia...
Salvato in:
| Autore principale: | |
|---|---|
| Natura: | Capitolo di libro |
| Lingua: | inglese |
| Soggetti: | |
| Tags: |
Nessun Tag, puoi essere il primo ad aggiungerne!!
|
MARC
| LEADER | 00000naa a2200000 4500 | ||
|---|---|---|---|
| 001 | r007233 | ||
| 005 | 20221130103518.0 | ||
| 041 | 0 | |a eng | |
| 044 | |a KR | ||
| 245 | 1 | 0 | |a <The> changing international order and Northeast Asia in the 21st century. |c Cha Young Koo |
| 520 | |a Náčrt nového ekonomického a politického usporiadania vo svete 21. storočia. Medzinárodné ekonomické usporiadanie v období po rozpade centrálne plánovaných ekonomík. Úloha Kórejského polostrova a Severovýchodnej Ázie v novom ekonomickom usporiadaní sveta. Ekonomické aspekty a perspektívy zjednotenia Kórey. | ||
| 610 | 2 | 0 | |a hospodárstvo svetové |
| 610 | 2 | 0 | |a vzťah politiky a ekonomiky |
| 610 | 2 | 0 | |a Ázia |
| 610 | 2 | 0 | |a Kórejský polostrov |
| 610 | 2 | 0 | |a KĽDR |
| 610 | 2 | 0 | |a Južná Kórea |
| 610 | 2 | 0 | |a integrácia ekonomická |
| 610 | 2 | 0 | |a prognózy |
| 610 | 2 | 0 | |a 2000-2999 |
| 610 | 2 | 0 | |a vzťahy hospodárske medzinárodné |
| 100 | 1 | |a Young Koo, Cha | |